Entry Nombre personal
001 - NÚMERO DE CONTROL
- campo de control: 91873
003 - IDENTIFICADOR DE NÚMERO DE CONTROL
- campo de control: SpMaBN
005 - FECHA Y HORA DE LA ÚLTIMA TRANSACCIÓN
- campo de control: 20240216180656.0
008 - ELEMENTOS DE DATO DE LONGITUD-FIJA
- campo de control de longitud fija: 941025n| aijnnaabn |a aaa
016 ## - NÚMERO DE CONTROL DE UNA AGENCIA BIBLIOGRÁFICA NACIONAL
- Número de control del registro: BNE19942677406
024 7# - IDENTIFICADOR DE OTROS ESTÁNDARES
- Número estándar o código: http://viaf.org/viaf/169091146/
- Fuente: viaf
024 8# - IDENTIFICADOR DE OTROS ESTÁNDARES
- Número estándar o código: https://www.museodelprado.es/coleccion/artista/wd/acedf0c5-1b9 b-4158-a877-5f17ed106907
040 ## - FUENTE DE CATALOGACIÓN
- Centro catalogador/agencia de origen: SpMaBN
- Lengua de catalogación: spa
- Centro/agencia transcriptor: SpMaBN
- Normas de descripción: rdc
- Convención/Normas de encabezamiento de materia/tesauro: embne
046 ## - FECHAS CON CODIFICACIÓN ESPECIAL
- Fecha de nacimiento: 1851
- Fecha de la muerte: 1913
100 1# - ENCABEZAMIENTO-NOMBRE DE PERSONA
- Nombre de persona: Picolo, Manuel,
- Fechas asociadas al nombre: 1851-1913
374 ## - OCUPACIÓN
- Ocupación: Dibujantes
- Ocupación: Ilustradores
- Ocupación: Pintores
- Fuente de información: Wikidata
375 ## - GÉNERO/SEXO
- Género: Masculino
400 1# - TRAZADO DE VÉASE--NOMBRE DE PERSONA
- Nombre de persona: Picolo,
- Fechas asociadas al nombre: 1851-1913
400 1# - TRAZADO DE VÉASE--NOMBRE DE PERSONA
- Nombre de persona: Picolo, M.,
- Fechas asociadas al nombre: 1851-1913
400 1# - TRAZADO DE VÉASE--NOMBRE DE PERSONA
- Nombre de persona: Picolo López, Manuel,
- Fechas asociadas al nombre: 1851-1913
670 ## - FUENTE DE DATOS ENCONTRADOS
- Cita de la fuente: Historia de Gil Blas de Santillana, 191?
- Información encontrada: port. (dibujos originales de Manuel Picolo)
670 ## - FUENTE DE DATOS ENCONTRADOS
- Cita de la fuente: El canastillo de flores, ca. 1900
- Información encontrada: port. (il. de M. Picolo)
670 ## - FUENTE DE DATOS ENCONTRADOS
- Cita de la fuente: Cuentos, 191?
- Información encontrada: port. (ed. ilustrada de Picolo)
670 ## - FUENTE DE DATOS ENCONTRADOS
- Cita de la fuente: Manuel Picolo López (1851-1913), 2007
- Información encontrada: p. 93 (n. en Murcia, 1851; m. en Madrid, 1913)
